Faculty of Law Library — Cairo University

Official Online Catalog

شرح قانون الاجراءات الجنانية : (Record no. 47588)

MARC details
000 -LEADER
fixed length control field 01311nam a2200313 i 4500
003 - CONTROL NUMBER IDENTIFIER
control field EG-GICUC
005 - DATE AND TIME OF LATEST TRANSACTION
control field 20260121101410.0
008 - FIXED-LENGTH DATA ELEMENTS--GENERAL INFORMATION
fixed length control field 251201s2019 ua ||||fr|||| 00| 0 ara d
040 ## - CATALOGING SOURCE
Original cataloging agency EG-GICUC
Language of cataloging ara
Transcribing agency EG-GICUC
Modifying agency EG-GICUC
Description conventions rda
041 0# - LANGUAGE CODE
Language code of text/sound track or separate title ara
082 04 - DEWEY DECIMAL CLASSIFICATION NUMBER
Edition number 21
Classification number 343.3
Item number م ح , ش
092 04 - LOCALLY ASSIGNED DEWEY CALL NUMBER (OCLC)
Edition number 21
099 ## - LOCAL FREE-TEXT CALL NUMBER (OCLC)
Classification number Law1 10 343.3 م ح , ش 6 ed - 2019
100 0# - MAIN ENTRY--PERSONAL NAME
Personal name محمود نجيب حسني
Relator term مؤلف.
245 10 - TITLE STATEMENT
Title شرح قانون الاجراءات الجنانية :
Remainder of title وفقا لأحداث التعديلات التشريعية.
Number of part/section of a work المجلد الثاني /
Statement of responsibility, etc. تأليف الدكتور محمود نجيب حسني ؛ تنفيح الدكتورة فوزية عبد الستار.
250 ## - EDITION STATEMENT
Edition statement الطبعة السادسة
264 #1 - PRODUCTION, PUBLICATION, DISTRIBUTION, MANUFACTURE, AND COPYRIGHT NOTICE
Place of production, publication, distribution, manufacture القاهرة :
Name of producer, publisher, distributor, manufacturer دار النهضة العربية للنشر والتوزيع،
Date of production, publication, distribution, manufacture, or copyright notice 2019.
300 ## - PHYSICAL DESCRIPTION
Extent 1707 صفحة ؛
Dimensions 24 سم.
336 ## - CONTENT TYPE
Source rda content
Content type term text
337 ## - MEDIA TYPE
Source rda media
Media type term Computer
338 ## - CARRIER TYPE
Source rda carrier
Carrier type term Online Resource
650 14 - SUBJECT ADDED ENTRY--TOPICAL TERM
Topical term or geographic name entry element الإجراءات الجنائية
Source of heading or term qrmak
650 14 - SUBJECT ADDED ENTRY--TOPICAL TERM
Topical term or geographic name entry element النظرية العامة لإثبات
651 1# - SUBJECT ADDED ENTRY--GEOGRAPHIC NAME
Source of heading or term qrmak
700 0# - ADDED ENTRY--PERSONAL NAME
Personal name فوزية عبد الستار
Relator term محرر.
856 40 - ELECTRONIC LOCATION AND ACCESS
Uniform Resource Identifier <a href="https://fll.law.cu.edu.eg/fulltext/bks/B10-05722.pdf">https://fll.law.cu.edu.eg/fulltext/bks/B10-05722.pdf</a>
905 ## - Cataloger and Reviser Names
Cataloger Name: Eman Ibrahim
942 ## - ADDED ENTRY ELEMENTS (KOHA)
Source of classification or shelving scheme Dewey Decimal Classification
Koha item type Books
Edition 21
Suppress in OPAC No
Holdings
Withdrawn status Lost status Source of classification or shelving scheme Materials specified (bound volume or other part) Damaged status Not for loan Collection Home library Current library Date acquired Total checkouts Full call number Barcode Date last seen Copy number Price effective from Koha item type
    Dewey Decimal Classification V2   Not for loan القانون الجنائي جــــامعة القــاهرة مكتبة كلية الحقوق - المبنى الرئيسي 01.12.2025   Law1 10 343.3 م ح , ش 6 ed - 2019 1005722 V2, C1 B10-05722 01.12.2025 1 01.12.2025 Books
    Dewey Decimal Classification V2     القانون الجنائي جــــامعة القــاهرة مكتبة كلية الحقوق - المبنى الرئيسي 01.12.2025   Law1 10 343.3 م ح , ش 6 ed - 2019 0105723 V2, C2 B10-05723 01.12.2025 2 01.12.2025 Books

© All rights reserved — Faculty of Law, Cairo University